00331nam a2200133Ia 4500001000400000008004100004020002200045082002000067100002500087245002900112260001300141901002800154999001500182661241024s9999 xx 000 0 und d a978-9945-427-64-6 aRD/861.44/L473f aLedesma, Luis Manuel 0aFacturas y otros papeles bEdc2009 a24/11/2010 2:24:37 p.m. c7886d7886